000 00439nam a2200157Ia 4500
008 240824s9999 xx 000 0 und d
020 _a9788187879763
_qpbk
082 _a335.43
_bWOO
100 _aWood, Ellen Meiksins
245 0 _ain Defense of History: Marxism and The Postmodern Agenda
_c/ Wood, Ellen Meiksins
250 _a1st edition
260 _bAakar Books
_c2021
300 _a204
650 _aHistory
942 _cENGLISH
999 _c537568
_d537568